| 000 | 01062nas a2200313 4500 | ||
|---|---|---|---|
| 001 | BR2011006300 | ||
| 003 | BR-BrBNA | ||
| 005 | 20231205115651.0 | ||
| 007 | ta | ||
| 008 | 230509b bl.|||p| |||| 00| 00por d | ||
| 040 |
_aBR-BrBNA _bpor _cBiblioteca Nacional de Agricultura |
||
| 041 | _a(En) | ||
| 072 | _aL20 | ||
| 100 | 1 | _aPacheco, R. | |
| 100 | 1 | _aSilva, R.R. | |
| 100 | 1 | _aMorini, M.S. de C. | |
| 100 | 1 | _aBrandão, C.R.F. | |
| 245 | 1 | _aA comparison of the leaf-litter ant fauna in a secondary atlantic forest with an adjacent pine plantation in southeastern Brazil | |
| 246 | 1 | _aA comparison of the leaf-litter ant fauna in a secondary atlantic forest with an adjacent pine plantation in southeastern Brazil | |
| 650 | _aFORMIGA | ||
| 650 | _aPINUS ELLIOTTII | ||
| 650 | _aPINHEIRO | ||
| 650 | _aSERAPILHEIRA | ||
| 650 | _aFAUNA | ||
| 650 | _aINSETO | ||
| 773 | 0 |
_tNeotropical Entomology (Brazil) _xISSN 1519-566X _g(Jan-Feb 2009), v. 38(1) p. 55-65 _wBR2011006300 |
|
| 909 |
_a202311 _bLúcia _c55 _dLúcia Elande |
||
| 942 |
_2AGRIS _n0 _cANA |
||
| 999 |
_c215131 _d215131 |
||